[Event "Reykjavik op"]
[Site "Reykjavik"]
[Date "2009.03.29"]
[Round "6"]
[White "Johannesson, Ingvar Thor"]
[Black "Gudmundsson, Stefan Freyr"]
[Result "1-0"]
[WhiteElo "2345"]
[BlackElo "2092"]
[PlyCount "79"]
[EventDate "2009.03.24"]
[EventType "swiss"]
[EventRounds "9"]
[EventCountry "ISL"]
[SourceTitle "CBM 129 Extra"]
[Source "ChessBase"]
[SourceDate "2009.05.05"]
[SourceVersion "2"]
[SourceVersionDate "2009.05.20"]
[SourceQuality "1"]

1. Nf3 g6 2. c4 Bg7 3. g3 e5 4. Nc3 Nc6 5. Bg2 d6 6. 0-0 Be6 7. d3 h6 8. Rb1 Qd7 9. Re1 f5 10. Nd2 Nf6 11. b4 0-0 12. b5 Nd8 13. Nd5 Nh5 14. Qa4 f4 15. Qa5 fxg3 16. hxg3 Rc8 17. Qxa7 Bh3 18. Ne4 Bxg2 19. Kxg2 Ne6 20. Qxb7 Kh8 21. Be3 Nef4+ 22. Bxf4 exf4 23. Rh1 fxg3 24. f3 Ra8 25. Rxh5 gxh5 26. Nb6 Qd8 27. Nxa8 Qxa8 28. Qxa8 Rxa8 29. Kxg3 Rxa2 30. Re1 Ra3 31. f4 Bd4 32. Rh1 Kg7 33. Rxh5 Ra1 34. Rh2 Kg6 35. Kf3 Rf1+ 36. Nf2 Re1 37. Rg2+ Kf5 38. Rh2 Bb6 39. Rxh6 Bxf2 40. e4+ 1-0

[Event "Reykjavik op"]
[Site "Reykjavik"]
[Date "2009.03.26"]
[Round "3"]
[White "Gudmundsson, Stefan Freyr"]
[Black "Lagerman, Robert"]
[Result "0-1"]
[WhiteElo "2092"]
[BlackElo "2368"]
[PlyCount "94"]
[EventDate "2009.03.24"]
[EventType "swiss"]
[EventRounds "9"]
[EventCountry "ISL"]
[SourceTitle "CBM 129 Extra"]
[Source "ChessBase"]
[SourceDate "2009.05.05"]
[SourceVersion "2"]
[SourceVersionDate "2009.05.20"]
[SourceQuality "1"]

1. d4 Nf6 2. c4 c5 3. d5 b5 4. cxb5 a6 5. bxa6 Bxa6 6. g3 d6 7. Bg2 g6 8. b3 Bg7 9. Bb2 Nbd7 10. Nh3 0-0 11. 0-0 Qb6 12. Qd2 Rfb8 13. Bc3 Qd8 14. Rd1 Qf8 15. Qc2 Ne8 16. Nf4 Ne5 17. h4 Nc7 18. a4 Bc8 19. Na3 Na6 20. Nc4 Nb4 21. Qd2 Nxc4 22. bxc4 Bd7 23. Rdb1 Bxc3 24. Qxc3 Rxa4 25. Rxa4 Bxa4 26. Nd3 Qg7 27. Qa3 Bc2 28. Ra1 Bxd3 29. Qa7 Qf8 30. exd3 Nxd3 31. Bh3 Ne5 32. Qa6 Qd8 33. Kg2 Qb6 34. Qxb6 Rxb6 35. Ra7 Kf8 36. Ra8+ Kg7 37. Ra7 Kf6 38. g4 h6 39. f4 Rb2+ 40. Kg3 Rb3+ 41. Kg2 Nxc4 42. g5+ hxg5 43. hxg5+ Kg7 44. Rxe7 Ne3+ 45. Kh2 Nxd5 46. Rd7 Nxf4 47. Bf1 d5 0-1

[Event "Reykjavik op"]
[Site "Reykjavik"]
[Date "2009.03.25"]
[Round "2"]
[White "Andrason, Pall Snaedal"]
[Black "Gudmundsson, Stefan Freyr"]
[Result "0-1"]
[WhiteElo "1564"]
[BlackElo "2092"]
[PlyCount "72"]
[EventDate "2009.03.24"]
[EventType "swiss"]
[EventRounds "9"]
[EventCountry "ISL"]
[SourceTitle "CBM 129 Extra"]
[Source "ChessBase"]
[SourceDate "2009.05.05"]
[SourceVersion "2"]
[SourceVersionDate "2009.05.20"]
[SourceQuality "1"]

1. d4 Nf6 2. c4 c5 3. d5 b5 4. cxb5 a6 5. bxa6 Bxa6 6. Nc3 d6 7. Nf3 g6 8. e4 Bxf1 9. Rxf1 Nbd7 10. Ke2 Qb6 11. Re1 Bg7 12. Kf1 0-0 13. Qc2 Ng4 14. h3 Nge5 15. Nxe5 Nxe5 16. Rb1 Rfb8 17. b3 Qa6+ 18. Kg1 Nd3 19. Rf1 Nb4 20. Qd2 Nxa2 21. Nxa2 Qxa2 22. Qxa2 Rxa2 23. Bf4 Bd4 24. Be3 Bxe3 25. fxe3 Ra3 26. Kf2 Rbxb3 27. Rxb3 Rxb3 28. Ra1 Kg7 29. Ra7 Kf6 30. Kf3 Rb1 31. Ra8 Rb7 32. g4 Rc7 33. h4 c4 34. Kf4 c3 35. Rg8 e5+ 36. dxe6 fxe6 0-1

[Event "EU-Cup 22nd"]
[Site "Fuegen"]
[Date "2006.10.09"]
[Round "2.5"]
[White "Broekmeulen, Jasper"]
[Black "Gudmundsson, Stefan Freyr"]
[Result "1/2-1/2"]
[WhiteElo "2273"]
[BlackElo "2113"]
[PlyCount "113"]
[EventDate "2006.10.08"]
[EventType "team-swiss"]
[EventRounds "7"]
[EventCountry "AUT"]
[SourceTitle "CBM 115"]
[Source "ChessBase"]
[SourceDate "2006.11.15"]
[SourceVersion "1"]
[SourceVersionDate "2006.11.15"]
[SourceQuality "1"]
[WhiteTeam "Calder HMC"]
[BlackTeam "Haukar"]
[WhiteTeamCountry "NED"]
[BlackTeamCountry "ISL"]

1. e4 c5 2. Nf3 e6 3. d4 cxd4 4. Nxd4 Nc6 5. Nc3 Nf6 6. Ndb5 d6 7. Bf4 e5 8. Bg5 a6 9. Na3 b5 10. Nd5 Be7 11. Nxe7 Nxe7 12. Bxf6 gxf6 13. c4 Qa5+ 14. Qd2 Qxd2+ 15. Kxd2 b4 16. Nc2 a5 17. Bd3 f5 18. exf5 Bxf5 19. Bxf5 Nxf5 20. Rad1 Rg8 21. g3 Rc8 22. b3 Rc5 23. Ke2 Ke7 24. Rd2 d5 25. cxd5 Rxc2 26. Rxc2 Nd4+ 27. Kd3 Nxc2 28. Kxc2 Rc8+ 29. Kb2 Kd6 30. Rd1 Rc5 31. Rd2 Rxd5 32. Kc2 Rxd2+ 33. Kxd2 e4 34. Ke3 Ke5 35. g4 Kd5 36. g5 Ke5 37. h3 Kf5 38. h4 Ke5 39. f3 exf3 40. Kxf3 Kd4 41. Kg4 Kc3 42. Kf5 Kb2 43. Kf6 Kxa2 44. Kxf7 a4 45. bxa4 b3 46. h5 b2 47. g6 b1Q 48. g7 Qf5+ 49. Ke7 Qe5+ 50. Kf8 Qc5+ 51. Kg8 Qxh5 52. Kh8 Qe5 53. a5 h5 54. Kh7 Qxa5 55. g8Q+ Kb2 56. Qg2+ Kc3 57. Qh3+ 1/2-1/2